000 00213 a2200097 4500
001 4055
100 _aTerman, F R
245 _aElectronic & Radio engineering
260 _a
_bMC-Graw-Hill
_c
090 _c3275
_d3275
942 _aNUST-CAE
_cM
_c25280
999 _c239128
_d239128